000 00678nam a2200193Ia 4500
003 GCL
008 140319s9999 xx 000 0 ara d
040 _aGCL /
_cGCL
082 0 4 _a822
_bم م
100 1 _aعبدالله عبدالحافظ متولى
245 1 0 _aمأساة الدكتور فوستس /
_cعبدالله عبدالحافظ متولى
700 1 _aنظمى خليل
700 1 _aمارلو, كريستوفر
490 _aروائع المسرح العالمى
_v0
650 0 4 _aالادب الانجليزى
650 0 4 _aالمسرحيات الانجليزية
650 0 4 _aالمسرحيات الايرلندية المترجمة
942 _2ddc
_cBK
999 _c41446
_d41446